000 00393nam a2200145Ia 4500
008 230711s9999||||xx |||||||||||||| ||und||
041 _aENG
082 _a621
_bBU-E
100 _aBurghardt,M. David
245 0 _aEngineering thermodynamics with applications
250 _a2nd Ed.
260 _c1982
_aNew York
_bHarperCollins Publishers India
650 _aMechanical Engineering
942 _cBK
999 _c1066
_d1066